| 000 | 00950cam a2200289 a 4500 | ||
|---|---|---|---|
| 001 | 000014687 | ||
| 005 | 20200929163903.0 | ||
| 008 | 940928s1994 ec a b 000 0 spa | ||
| 020 | _a9978790144 | ||
| 035 | _a(DLC) 94213214 | ||
| 040 |
_aDO-SdBNP _bspa _cBNPHU |
||
| 050 | 0 | 0 |
_aHC125 _b.S524 1994 |
| 082 |
_ann _bS572p |
||
| 100 | 1 |
_aSierra Castro, Enrique, _d1933- _918051 |
|
| 245 | 1 | 3 |
_aLa pirámide en conflicto : _bpobreza, neoliberalismo y respuestas / _cEnrique Sierra C. |
| 260 |
_aQuito : _bEDIDAC, _c1994. |
||
| 300 |
_a282 p. : _bil. ; _c22 cm. |
||
| 490 | 1 | _aEconómica y social | |
| 504 | _aIncluye referencias bibliográficas (p. 247-277). | ||
| 651 | 0 |
_aLatin America _xEconomic Policy. _933289 |
|
| 651 | 0 |
_aLatin America _xSocial Policy. _933290 |
|
| 650 | 0 |
_aPoverty _zLatin America. _933056 |
|
| 650 | 0 |
_aPoverty. _933291 |
|
| 830 | 0 |
_aEconómica y social. _918055 |
|
| 910 | _aCatalogación por copia / LC | ||
| 049 | _aBNGR | ||
| 999 |
_c14270 _d14270 |
||